00609nam a22001937a 45000010005000000030006000050050017000110080041000280200018000690400030000870500013001170820010001301000019001402450047001592600038002063000048002445200089002926500034003814730FISKH20240926142928.0240926b cb ||||| |||| 00| 0 eng d a9780545148894 aFISKHbenngcFISKHdFISKH aTA403.2  a620.1 aScott, Janine  aWhat's it like? :cInvestigate materials / aNew York : bScholastic, c2009.  a28 pages : bcolor illustrations ; c22 cm  aStretchy, smooth, or strong! What are materials like? Find out how they can change.  aMaterials vPhysical Science